|
|
|
|
| LEADER |
00000cab a2200000 a 4500 |
| 001 |
032712 |
| 003 |
UAHC_CL |
| 005 |
20170803123530.0 |
| 008 |
030915b xx j 000 1 spa |
| 040 |
|
|
|a UAHC_CL
|c UAHC_CL
|d UAHC_CL
|
| 100 |
1 |
|
|a Vergara, Rodrigo
|
| 245 |
1 |
0 |
|a Productividad en Chile :
|b determinantes y desempeño /
|c Rodrigo Vergara.
|
| 260 |
|
|
|b Centro de Estudios Públicos
|c 2005
|a Santiago, Chile
|
| 300 |
|
|
|a p. 23-62
|
| 500 |
|
|
|a En: Estudios Públicos. -- Nº99 (invierno, 2005), p. 23-62. ISSN 07161115
|
| 500 |
|
|
|a En: Estudios Públicos. -- Nº99 (invierno, 2005), p. 23-62. ISSN 07161115
|
| 500 |
|
|
|a En: Estudios Públicos. -- N∫99 (invierno, 2005), p. 23-62. ISSN 07161115
|
| 520 |
|
|
|a El objetivo de este trabajo es hacer un análisis de los determinantes de la productividad en Chile en las últimas cuatro décadas. En base a ello se discuten las fortalezas y debilidades que existen en esta materia. El crecimiento de la productividad en Chile en estos años ha sido muy volátil y ha estado fuertemente correlacionado con el ciclo económico. Para retomar el proceso de crecimiento -se sostiene en este trabajo- es necesario enfatizar reformas que permitan lograr mejorías en aquellas variables que tienen un efecto significativo en la productividad y en los cuales el país hoy está relativamente más débil.
|
| 520 |
|
|
|a El objetivo de este trabajo es hacer un análisis de los determinantes de la productividad en Chile en las últimas cuatro décadas. En base a ello se discuten las fortalezas y debilidades que existen en esta materia. El crecimiento de la productividad en Chile en estos años ha sido muy volátil y ha estado fuertemente correlacionado con el ciclo económico. Para retomar el proceso de crecimiento -se sostiene en este trabajo- es necesario enfatizar reformas que permitan lograr mejorías en aquellas variables que tienen un efecto significativo en la productividad y en los cuales el país hoy está relativamente más débil.
|
| 520 |
|
|
|a El objetivo de este trabajo es hacer un an·lisis de los determinantes de la productividad en Chile en las últimas cuatro dÈcadas. En base a ello se discuten las fortalezas y debilidades que existen en esta materia. El crecimiento de la productividad en Chile en estos aÒos ha sido muy vol·til y ha estado fuertemente correlacionado con el ciclo econÛmico. Para retomar el proceso de crecimiento -se sostiene en este trabajo- es necesario enfatizar reformas que permitan lograr mejorÌas en aquellas variables que tienen un efecto significativo en la productividad y en los cuales el paÌs hoy est· relativamente m·s dÈbil.
|
| 759 |
|
|
|a PP068
|
| 773 |
0 |
|
|t Estudios públicos
|w 032045
|
| 900 |
|
|
|a ESTUDIOS PUBLICOS-99/05
|
| 942 |
|
|
|c REVA
|
| 952 |
|
|
|0 0
|1 0
|4 0
|6 ESTUDIOS_PUBLICOS99_05_000000000000000
|7 0
|8 General
|9 63134
|a BC
|b BC
|c General
|d 2017-08-03
|l 0
|o ESTUDIOS PUBLICOS-99/05
|p FICTICIO3467
|r 2019-01-08 00:00:00
|t 1
|w 2017-08-03
|y REVA
|
| 999 |
|
|
|c 32712
|d 32712
|